000
00218 a2200097 4500
001
42918
100
_a
Akhtar R
245
_a
Pakistan years book 1976
260
_a
Karachi
_b
East & West pub
_c
090
_c
26802
_d
26802
942
_a
NUST-CAE
_c
M
_c
18672
999
_c
277991
_d
277991